Londres - Choix multiples - Statistiques

Statistiques générales
  • Ce quiz a été pris 8 649 fois
  • Le résultat moyen est 8 sur 10
Statistiques - réponses
Question Réponse % Correct
De quelle couleur sont les cabines téléphoniques emblématiques ? Rouge
99%
Quel groupe de rock a rendu célèbre la rue d'Abbey Road ? The Beatles
90%
Qui réside au 10 Downing Street ? Le Premier ministre
86%
Quel héros de fiction loge au 221B Baker Street ? Sherlock Holmes
86%
Quel est le surnom du métro londonien ? The Tube
83%
Quel est le nom donné à la police britannique, du nom de leur quartier général ? Scotland Yard
76%
Quel quartier est le centre financier de Londres ? La City
73%
Quel film d'animation Disney se déroule à Londres ? Les 101 Dalmatiens
66%
Lequel de ces clubs de football ne se situe pas à Londres ? Aston Villa
62%
Quelle gare ne se trouve pas à Londres ? Lime Street
59%
Aucun quiz correspondant
Distribution des résultats
% des personnes avec chaque résultat
Percentile par nombre de réponses
Votre historique - résultats
Vous n’avez pas pris ce quiz